000 00569nam a2200169 4500
001 110026
003 ES-MaACL
007 t|
008 061121s1929 sp r ||||1| spa d
100 1 _aObregón, Antonio de,
_d1910-1985
_986423
245 1 3 _aEl campo, la ciudad, el cielo /
_cAntonio de Obregón.
260 _aMadrid :
_bCompañía Ibero-Americana de publicaciones,
_c1929.
300 _a141 p. ;
_c20 cm.
505 8 _aContiene: 1. Llegada - poemas en verso 2. La vida múltiple - poemas en prosa
852 _aES-MaACL
_jB-3327
999 _c110026
_d110026